|
|
|
|
| LEADER |
00000nas a2200000 a 4500 |
| 001 |
ssj0012063 |
| 003 |
WaSeSS |
| 005 |
20200512172242.0 |
| 006 |
m d |
| 007 |
cr n |
| 008 |
980507d19781999ohuqr pss 0 a0eng c |
| 010 |
|
|
|a 2003263135
|
| 022 |
|
|
|a 2162-5735
|y 0191-1813
|
| 035 |
|
|
|a (WaSeSS)ssj0012063
|
| 040 |
|
|
|a FGA
|b eng
|c FGA
|d OCL
|d OCLCQ
|d TXA
|d OCLCQ
|d NSD
|d OCLCQ
|d IUL
|d ZAD
|d DLC
|d OCLCQ
|d OCLCO
|d OCLCQ
|d OCLCF
|d OCLCO
|d OCLCQ
|d VT2
|d NJT
|d WaSeSS
|
| 042 |
|
|
|a pcc
|a nsdp
|
| 043 |
|
|
|a n-us---
|
| 050 |
1 |
4 |
|a E169.1
|b .J7
|
| 082 |
1 |
0 |
|a 973
|2 14
|
| 130 |
0 |
|
|a Journal of American culture (Online)
|
| 222 |
|
0 |
|a Journal of American culture
|b (Online)
|
| 245 |
1 |
0 |
|a Journal of American culture
|h [electronic resource].
|
| 260 |
|
|
|a [Bowling Green, Ohio] :
|b [Bowling Green State University in cooperation with the American Culture Association],
|c [-1999]
|
| 310 |
|
|
|a Quarterly
|
| 362 |
1 |
|
|a Print began with vol. 1, no. 1 (spring 1978).
|
| 362 |
0 |
|
|a -v. 22, issue 4 (winter 1999).
|
| 506 |
|
|
|a License restrictions may limit access.
|
| 538 |
|
|
|a Mode of access: World Wide Web.
|
| 588 |
|
|
|a Description based on: Vol. 16, issue 2 (summer 1993); title from table of contents screen (EbscoHost Web site, viewed Oct. 30, 2003).
|
| 588 |
|
|
|a Latest issue consulted: Vol. 22, issue 4 (winter 1999) (Wiley's online Library, viewed on July 26, 2011).
|
| 650 |
|
0 |
|a Popular culture
|z United States
|v Periodicals.
|
| 650 |
|
7 |
|a Civilization.
|2 fast
|0 (OCoLC)fst00862898
|
| 650 |
|
7 |
|a Popular culture.
|2 fast
|0 (OCoLC)fst01071344
|
| 651 |
|
0 |
|a United States
|x Civilization
|v Periodicals.
|
| 651 |
|
7 |
|a United States.
|2 fast
|0 (OCoLC)fst01204155
|
| 655 |
|
0 |
|a Electronic journals.
|
| 710 |
2 |
|
|a American Culture Association.
|
| 776 |
0 |
8 |
|i Print version:
|t Journal of American culture
|x 0191-1813
|w (DLC) 79642570
|w (OCoLC)3904985
|
| 785 |
0 |
0 |
|t Journal of American & comparative cultures (Online)
|x 1540-594X
|w (DLC) 2002213654
|w (OCoLC)50079550
|
| 856 |
4 |
0 |
|z Full text available from Research Library: 04/01/1994 to 1999
|u https://search.proquest.com/publication/29587
|